FNaF Quiz - Statistics

General Stats
  • This quiz has been taken 37 times
  • The average score is 14 of 17
Answer Stats
# Hint Answer % Correct
1 Who is the man behind the slaughter? William
97%
8 Number of souls inside Golden Freddy 2
94%
2 Who is the daughter of (1)? Elizabeth
94%
3 (1)’s oldest son? Michael
90%
9 Business partner of (1) Henry
87%
12 The year a child got bitten by Fredbear 1983
84%
13 The year day a guard got bitten by anAnimatronic in the FNaF 2 place (supposedly by Mangle) 1987
84%
11 Animatronic possessed by (10) Marionette
84%
14 Creator of the FNaF Games Scott Cawthon
84%
6 Soul inside of Chica Susie
84%
15 What animatronic “killed” (2)? Circus Baby
81%
10 Daughter of (9) Charlie
77%
7 Soul inside of Foxy Fritz
77%
17 “The one you should not have killed.” Cassidy
74%
4 Soul inside of Freddy Fazbear Gabriel
74%
5 Soul inside of Bonnie Jeremy
74%
16 Suit used to lure kids into a back room to kill them. Springbonnie
74%
No matching quizzes found
Score Distribution
Percent of People with Each Score
Percentile by Number Answered
Your Score History
You have not taken this quiz